00978 a2200193 45000010006000000050017000060080041000230030015000640400040000790800060001192450064001792640047002433000019002905050384003090410008006931000022007017000033007237000028007565432020260407155815.0260407a1964 arg spa dAR-UNSa-BCEJYS aAR-UNSa-BCEJYSbspacAR-UNSa-BCEJYS a330.34(7/8)xDesarrollo Económico de América Latina10aAmerica LatinapLa revolución económica y social actual 1aNew York :bMcGraw-Hill Book Companyc1964 a330 p.c23 cm. a1. La revolución económica - 2. Enfoque individual y colectivo del desarrollo económico - 3. Reforma agraria - 4. Monopolio - 5. Productos primarios - 6. La experiencia de cuatro mercancías.Cobre,azúcar,petróleo y café - 7. Inflación - 8. Integración económica - 9. Ayuda exterior - 10. La planificación económica nacional - 11. Revolución vieja y nueva aspa1 aPowelson, John P.1 aGarcia-Bernal Piñeiro, Ana1 aRieg García, Víctor